1846 1205 1617 1166 1503 1273 1760 1350 1278 1611 1899 1739 1502 1651 1817 1617 1040 1506 1492 1979 1562 1943 1551 1279 1362 1431 1152 1893 1066 1362 1748 1546 1803 1445 1724 1289 1677 1607 1524 1056 1777 1146 1658 1582 1581 1607 1925 1116 1204 1021 1987 1213 1542 1890 1706 1952 1434 1411 1136 1816 1939 1046 1576 1590 1725 1709 1921 1373 1742 1528 1209 1931 1579 1735 1336 1432 1974 1137 1642 1329 1338 1077 1960 1721 1714 1150 1730 1567 1423 1023 1852 1033 1935 1374 1898 1943 1741 1494 1470 BCNSPRNW ULIB Ver.6.0+V

เปลี่ยนเป็นภาษาไทย

Change to English
 แสดงรายละเอียดบรรณานุกรม
  กลับหน้าหลัก

Brief Record : Get Marc (ISO 2709) : E-mail record : QR code < ปิดหน้าต่าง
LEADER : 00000nam 2200000uu 4500
001    13399122238
003     ULIB
008    130116s2554||||th 000 0 tha d
020    ^a9789740328612
060  4 ^aWY160^bอ332ก
100 0  ^aอรพรรณ ลือบุญธวัชชัย
245 1  ^aการพยาบาลสุขภาพจิตและจิตเวช /^cอรพรรณ ลือบุญธวัชชัย
250    ^aพิมพ์ครั้งที่ 4
260    ^aกรุงเทพฯ :^bสำนักพิมพ์แห่งจุฬาลงกรณ์มหาวิทยาลัย,^c2554
300    ^a387 หน้า :^bภาพประกอบ
505 0  ^aนโยบายและแผนงานด้านสุขภาพจิตและการพยาบลจิตเวช แนวคิดและการปฏิบัติ - - มโนมติสังคม วัฒนธรรมกับการพยาบาลสุขภาพจิตและจิตเวช - - แนวคิดและทฤษฎีที่เลือกสรรทางการพยาบาลสุขภาพจิตและจิตเวช - - การบำบัดทางการพยาบาลสุขภาพจิตและจิตเวช - - บริบทด้านชีวภาพทางการพยาบาลสุขภาพจิตและจิตเวช - - จิตเภสัชบำบัดและการพยาบาล - - การพยาบาลสุขภาพจิตบุคคลกลุ่มเสี่ยง - - ปัญหาสุขภาพจิตและจิตเวชในผู้สูงอายุและการดูแลช่วยเหลือ - - การพยาบาลผู้ที่มีปัญหาทางสุขภาพจิตและปรับตัว - - การพยาบาลบุคคลที่มีความผิดปกติด้านความคิดผู้ป่วยโรคจิตเภท - - การพยาบาลบุคคลที่มีความผิดปกติทางอารมณ์ : ผู้ป่วยอารมณ์แปรปรวน - - การดูแลผู้ป่วยจิตเวชที่บ้าน - - กฎหมายและจริยธรรมทางการพยาบาลสุขภาพจิตและจิตเวช
650  7 ^aการพยาบาลจิตเวชศาสตร์
650  7 ^aจิตเวชศาสตร์^xการพยาบาล
650  7 ^aสุขภาพจิต^xการพยาบาล
945    ^p220^l0^i19719
945    ^p220^l0^i19720
945    ^p220^l0^i19721
945    ^p220^l0^i20474
945    ^p220^l0^i20475
995    ^aกัณชพร
999    ^aใช้งานได้ทุกระบบ
รายการนี้ยังไม่มีแท็ก
คุณยังไม่ได้ล็อกอิน คุณสามารถมีกิจกรรมร่วมกับเว็บไซต์ได้ แต่ต้องล็อกอินก่อน ::
  ล็อกอิน

รายการสื่อสารสนเทศ

ลำดับที่ ประเภท เลขเรียก/บาร์โค้ด สถานที่ สถานะ
1. Book การพยาบาล
Book การพยาบาล
สถานะ=หนังสือเก่า
WY160 อ332ก ฉ.1 
  Barcode: 19719
ห้องสมุดวิทยาเขตนครสวรรค์
►ส่วนจัดเก็บหนังสือเก่า นว.
บนชั้น
  ขอยืม
2. Book การพยาบาล
Book การพยาบาล
สถานะ=หนังสือเก่า
WY160 อ332ก ฉ.2 
  Barcode: 19720
ห้องสมุดวิทยาเขตนครสวรรค์
►ส่วนจัดเก็บหนังสือเก่า นว.
บนชั้น
  ขอยืม
3. Book การพยาบาล
Book การพยาบาล
สถานะ=หนังสือเก่า
WY160 อ332ก ฉ.3 
  Barcode: 19721
ห้องสมุดวิทยาเขตนครสวรรค์
►ส่วนจัดเก็บหนังสือเก่า นว.
บนชั้น
  ขอยืม
4. Book การพยาบาล
Book การพยาบาล
สถานะ=หนังสือเก่า
WY160 อ332ก ฉ.4 
  Barcode: 20474
ห้องสมุดวิทยาเขตนครสวรรค์
►ส่วนจัดเก็บหนังสือเก่า นว.
บนชั้น
  ขอยืม
5. Book การพยาบาล
Book การพยาบาล
สถานะ=หนังสือเก่า
WY160 อ332ก ฉ.5 
  Barcode: 20475
ห้องสมุดวิทยาเขตนครสวรรค์
►ส่วนจัดเก็บหนังสือเก่า นว.
บนชั้น
  ขอยืม

รายการใกล้เคียง
    ผู้แต่ง [อรพรรณ ลือบุญธวัชชัย]

    หัวเรื่อง [การพยาบาลจิตเวชศาสตร์]

BibComment


ยังไม่เคยถูกคอมเมนท์

คอมเมนท์ทรัพยากรรายการนี้
  คอมเมนท์: การพยาบาลสุขภาพจ..


 Copyright 2026. Bcnsprnw @Library